000 00516nam a2200181Ia 4500
005 20250326143544.0
008 250326s9999 xx 000 0 und d
037 _aTextbook
040 _aFMSL
_beng
_cFMSL
041 _aeng
_2eng
084 _aX:8 P5
_qFMSL
100 _aSmith N
_9748193
245 0 _aGuide to organisational creativity : managing for innovation
_cSmith N; Anisworth M
260 _aDelhi
_bDelhi, Jaico
_c2005
300 _a224p
942 _cTB
_hX:8 P5
999 _c1300073
_d1300073